| 000 | 00342nam a2200133Ia 4500 | ||
|---|---|---|---|
| 005 | 20251222175923.0 | ||
| 008 | 251222s9999||||xx |||||||||||||| ||spa|| | ||
| 082 | _a351.81/S28 | ||
| 100 | _aScelza Cavalcanti, Bianor | ||
| 245 | 0 | _aEl Gerente Ecualizador: | |
| 250 | _a1ra. ed. | ||
| 264 | _bJefatura de Gabinete de Ministerio | ||
| 942 | _cLIB | ||
| 999 |
_c40736 _d40736 |
||